00676cam a2200205 a 4500008004100000020002200041245007700063250003200140260005800172300003500230500001800265500002200283650003700305650003600342650003200378710003300410003000100443005001700444040000900461  a996683107X (pbk.)00aProfiles of African scientists/crevised by African Academy of Sciences. a2nd ed., rev. and expanded. aNairobi, Kenya :bAfrican Academy of Sciences,c1991. axi, 661 p. :bports. ;c25 cm. a"March 1991." aIncludes indexes. 0aScientistszAfricavDirectories. 0aEngineerszAfricavDirectories. 2aSciencezAfricavbiography.2 aAfrican Academy of Sciences.20230120191408.0 cNUST